|
|
|
|
| LEADER |
01393nam a2200373 a 4500 |
| 001 |
EBC1341901 |
| 003 |
MiAaPQ |
| 005 |
20200520144314.0 |
| 006 |
m o d | |
| 007 |
cr cn||||||||| |
| 008 |
130829s2013 enka sb 000 0 eng d |
| 020 |
|
|
|z 9781781908365
|
| 020 |
|
|
|a 9781781908372 (electronic bk.)
|
| 035 |
|
|
|a (MiAaPQ)EBC1341901
|
| 035 |
|
|
|a (Au-PeEL)EBL1341901
|
| 035 |
|
|
|a (CaPaEBR)ebr10747348
|
| 035 |
|
|
|a (CaONFJC)MIL510222
|
| 035 |
|
|
|a (OCoLC)856983142
|
| 040 |
|
|
|a MiAaPQ
|c MiAaPQ
|d MiAaPQ
|
| 050 |
|
4 |
|a HD2746.5
|b .A38 2013
|
| 082 |
0 |
4 |
|a 658.16200000000003
|2 23
|
| 245 |
0 |
0 |
|a Advances in mergers and acquisitions
|h [electronic resource] /
|c edited by Cary L. Cooper, Sydney Finkelstein.
|
| 250 |
|
|
|a 1st ed.
|
| 260 |
|
|
|a Bingley, U.K. :
|b Emerald,
|c 2013.
|
| 300 |
|
|
|a x, 211 p. :
|b ill.
|
| 440 |
|
0 |
|a Advances in mergers and acquisitions,
|x 1479-361X ;
|v v. 12
|
| 504 |
|
|
|a Includes bibliographical references.
|
| 533 |
|
|
|a Electronic reproduction. Ann Arbor, MI : ProQuest, 2015. Available via World Wide Web. Access may be limited to ProQuest affiliated libraries.
|
| 650 |
|
0 |
|a Consolidation and merger of corporations.
|
| 655 |
|
4 |
|a Electronic books.
|
| 700 |
1 |
|
|a Cooper, Cary L.
|
| 700 |
1 |
|
|a Finkelstein, Sydney.
|
| 710 |
2 |
|
|a ProQuest (Firm)
|
| 856 |
4 |
0 |
|u https://ebookcentral.proquest.com/lib/matrademy/detail.action?docID=1341901
|z Click to View
|